[Event "New York op"]
[Site "New York"]
[Date "1998.03.21"]
[Round "8"]
[White "Magem Badals, Jordi"]
[Black "Khalifman, Alexander"]
[Result "1-0"]
[WhiteElo "2535"]
[BlackElo "2660"]
[Annotator "Wedberg,T"]
[PlyCount "81"]
[EventDate "1998.03.16"]
[EventType "swiss"]
[EventRounds "9"]
[EventCountry "USA"]
[SourceTitle "CBM 064"]
[Source "ChessBase"]
[SourceDate "1998.06.02"]
[SourceVersion "1"]
[SourceVersionDate "1998.06.02"]
[SourceQuality "1"]

{This line is considered to be a good drawing weapon for Black. But the game
shows that it's not fool proof. Black needs to create the right type of
counter play to compensate for Whites 2-1 K-side P majority.} 1. e4 e5 2. Nf3
Nc6 3. Bb5 a6 4. Bxc6 dxc6 5. O-O Bg4 6. h3 h5 7. d3 Qf6 8. Nbd2 Ne7 9. Re1 Ng6
10. d4 Bd6 11. hxg4 hxg4 12. Nh2 Rxh2 13. Qxg4 Qh4 14. Qxh4 Rxh4 15. Nf3 Rh5
16. Be3 (16. Nxe5 Nxe5 17. dxe5 Bxe5 18. c3 g5 19. g3 O-O-O 20. Be3 g4 $11 {
1/2-1/2 Nataf,I-Anic,D/Enghien Les Bains 1997/CBM 58/[Wedberg] (37)}) 16...
O-O-O $146 (16... f6 17. Rad1 Kf7 18. g3 Re8 19. Kg2 exd4 20. Bxd4 Ra5 21. Ra1
c5 22. Bc3 Ra4 $132 {1/2-1/2 Pachman,L-Lengyel,L/Vrnjacka Banja zt 1967/EXT 97
(28)}) 17. g3 f5 $6 {This rather violent approach is dubious, since it only
helps White to mobilise his P majority.} (17... f6) 18. exf5 Rxf5 19. Kg2 Rdf8
20. Nxe5 Nxe5 21. dxe5 Bxe5 22. c3 $16 {Black is actively placed, but
unfortunately there are no targets in Whites position. In the longer term
White is going to enjoy his 2 against 1 situation on the K-side.} a5 (22... g5
23. Kh3 Bd6 24. Kg4 $16) 23. a4 Bd6 24. Bd4 c5 25. Be3 Kd7 (25... c4 $5) 26.
Rh1 Kc6 27. Rh4 Be7 28. Re4 Bf6 29. Rd1 Rd5 30. Rxd5 Kxd5 31. Rf4 Re8 (31... c4
32. Rf5+ $16) 32. c4+ Kc6 33. b3 Rd8 34. Rf3 b6 (34... Rd3 $142) 35. g4 Be5 36.
Rf5 Kd6 $2 (36... Bb2 $142) 37. f4 Bd4 38. Rd5+ {Now it's more or less forced.}
Ke7 39. Rxd8 Bxe3 $6 {Black tries to avoid the pretty hopeless B:s ending. But
now White has a nice combination to win immediately.} (39... Kxd8 40. Kf3 $18 {
White gains a crucial tempo next move with Ke4.}) 40. Rg8 Kf7 41. Kf3 $1 (41.
Kf3 $1 Bxf4 42. Rxg7+ Kxg7 43. Kxf4 $18) 1-0

[Event "Linares Anibal op 04th"]
[Site "Linares"]
[Date "1997.??.??"]
[Round "4"]
[White "Jussupow, Artur"]
[Black "Xie, Jun"]
[Result "1/2-1/2"]
[WhiteElo "2665"]
[BlackElo "2500"]
[Annotator "Wedberg,T"]
[PlyCount "92"]
[EventDate "1997.02.??"]
[EventType "swiss"]
[EventRounds "10"]
[EventCountry "ESP"]
[SourceTitle "CBM 058"]
[Source "ChessBase"]
[SourceDate "1997.06.01"]
[SourceVersion "1"]
[SourceVersionDate "1997.06.01"]
[SourceQuality "1"]

1. e4 e5 2. Nf3 Nc6 3. Bb5 a6 4. Bxc6 dxc6 5. O-O Qd6 6. Na3 b5 7. c3 c5 8. Nc2
f6 $146 (8... Bb7 9. d4 (9. Re1 Rd8 10. a4 Nf6 11. axb5 axb5 12. d4 Nxe4 13.
Nxe5 Be7 14. Qe2 O-O $13 {Prie,E-Sorin,A/Erevan olm 1996/EXT 96ch2/1-0 (55)})
9... Nf6 (9... cxd4 10. cxd4 exd4 11. Nfxd4 c5 (11... Ne7 12. f3 c5 13. Nb3 Qc7
14. Qe1 Nc6 15. Be3 c4 16. Nc5 Nd4 17. Bxd4 Bxc5 18. Qe3 Bxd4 19. Nxd4 {
1/2-1/2 Beckemeyer,W-Unzicker,W/BL9596 1996/BL 90}) (11... O-O-O 12. Bg5 (12.
Be3 Qg6 13. Qe2 c5 14. Nf3 Bxe4 15. Rfc1 Bd6 16. Nce1 $13 {1-0 Gerigk,E-Sandor,
C/Baden-Baden Hofmann Cup 1995/EXT 95 (20)}) 12... Be7 13. Qg4+ Qd7 14. Qxd7+ (
14. Nf5 Bxg5 15. Qxg5 Bxe4 $17 {Kotronias,V-Van der Sterren,P/Reykjavik op
1994/EXP 39/0-1 (49)}) 14... Rxd7 15. Bxe7 Nxe7 16. f3 c5 17. Nb3 c4 18. Nc5
Rd2 $15 {0-1 De la Villa Garcia,J-Ibragimov,I/Ubeda op 1997/EXP 56 (32)}) 12.
Nb3 O-O-O (12... Qxd1 13. Rxd1 Nf6 14. f3 Rc8 15. a4 c4 16. Na5 Ba8 17. Be3 Nd7
18. axb5 axb5 19. Na3 Bxa3 20. bxa3 $14 {Arencibia,W-Garcia,G/Erevan olm 1996/
EXT 96ch2/1-0 (101)}) 13. Qe2 Qd3 $2 (13... Qg6 14. f3 c4 15. Nbd4 Bc5 16. Be3
Ne7 17. a4 Qb6 $13) 14. Qxd3 Rxd3 15. Be3 c4 (15... Bxe4 16. Bxc5 $16) 16. Nbd4
{>< Rd3} Bxe4 17. Ne1 {1-0 Rozentalis,E-Hjartarson,J/Tilburg 1994/CBM 44/
[Wedberg] (50)}) 10. Re1 cxd4 11. cxd4 Nxe4 12. Nxe5 Be7 13. f3 Nf6 14. b3 Nd5
15. Ba3 Qd8 16. Nb4 {1-0 Rozentalis,E-Nickoloff,B/North Bay op 1994/EXT 94op})
(8... Ne7 9. d4 cxd4 10. cxd4 exd4 11. Nfxd4 c5 12. Nb3 Qxd1 13. Rxd1 c4 14.
Na5 Ng6 15. b3 cxb3 16. axb3 Be7 17. Ba3 Bxa3 18. Rxa3 O-O $10 {De la Villa
Garcia,J-Leko,P/Pamplona/1993}) 9. a4 Bb7 10. axb5 Bxe4 (10... axb5 11. Rxa8+
Bxa8 12. d4 Bxe4 13. Re1 $36) 11. d4 cxd4 12. Re1 Bb7 13. cxd4 axb5 14. Rxa8+
Bxa8 15. Qe2 e4 16. Qxb5+ Bc6 17. Qa5 Ne7 18. Nd2 f5 19. b3 Qd7 20. Nc4 Ng6 21.
N2e3 Bb5 22. g4 $6 {Daring, but not best.} (22. Ne5 $1 Nxe5 23. dxe5 c6 (23...
Bd3 $2 24. Nd5 $1 $16) (23... Bc5 24. Qa8+ Qd8 25. Qb7 $16) 24. Rd1 Bd3 25. Ba3
Bxa3 (25... f4 26. Nc4 Qg4 27. Ra1 Bxc4 28. Bxf8 Rxf8 29. Qc7 Ba6 30. e6 $1 $18
) 26. Qa8+ Qd8 27. Qxa3 Rf8 28. Qc5 $16) 22... fxg4 23. Qa8+ Kf7 24. Qxe4 Bb4
25. Rd1 Re8 $1 {The P was lost anyway, but exchanging Q:s is the correct
startegy in view of Blacks K position.} 26. Qxg4 Qxg4+ 27. Nxg4 Re4 28. h3 (28.
Nge3 Nf4 $36) 28... h5 29. Nge5+ Nxe5 30. Nxe5+ Ke6 31. Be3 Kd5 $13 {White has
a P more, but its really difficult to do anything. A slip from White could
easily give Black the upper hand here.} 32. Nd3 $1 Bd6 33. Nc5 Re8 34. Kg2 Rf8
35. Na4 Bd7 36. Nc3+ Ke6 37. d5+ Kf7 38. Ne4 Rb8 39. Nxd6+ $2 (39. Rd3 Bf5 40.
f3 $14) 39... cxd6 40. Rd3 Bf5 $11 41. Rc3 Be4+ 42. Kg3 Bxd5 43. Rc7+ Kg8 44.
Rd7 Bxb3 45. Rxd6 Bc2 46. Rd5 g6 1/2-1/2

[Event "Dos Hermanas"]
[Site "Dos Hermanas"]
[Date "1996.05.27"]
[Round "6"]
[White "Illescas Cordoba, Miguel"]
[Black "Ivanchuk, Vassily"]
[Result "1/2-1/2"]
[WhiteElo "2635"]
[BlackElo "2735"]
[Annotator "Wedberg,T"]
[PlyCount "35"]
[EventDate "1996.05.21"]
[EventType "tourn"]
[EventRounds "9"]
[EventCountry "ESP"]
[EventCategory "19"]
[SourceTitle "CBM 053"]
[Source "ChessBase"]
[SourceDate "1996.08.01"]
[SourceVersion "1"]
[SourceVersionDate "1996.08.01"]
[SourceQuality "1"]

1. e4 e5 2. Nf3 Nc6 3. Bb5 a6 4. Bxc6 dxc6 5. O-O Ne7 6. Nxe5 Qd4 7. Qh5 g6 8.
Qg5 Bg7 9. Nd3 f5 10. e5 Qg4 $5 {N. This is a short game, but quite intense.
Ivanchuks novelty 10. - Qg4 pays off. The soundness of it remains unproven,
since there are unexplored possibilities for White.} (10... h6) (10... c5) (
10... Nd5 $5) 11. f4 $6 (11. Qxg4 $6 fxg4 12. Re1 Bf5 13. Nc3 Bxd3 14. cxd3
O-O-O $15) (11. Qe3 $1 Nd5 (11... f4 $6 12. Qxf4 (12. Nxf4 Nf5 13. Qe4 g5)
12... Qxf4 13. Nxf4 Bxe5 14. Ne2 Bf5 15. d4 Bf6 16. c3 $16) 12. Qe1 (12. Qg3 f4
$1 13. Qxg4 Bxg4 14. Nc3 (14. c4 Be2 $17) 14... f3 15. Nxd5 cxd5 16. Re1 O-O
$32 $17) 12... O-O (12... Nf4 13. Nxf4 Qxf4 14. d3 Qd4 15. Qc3 $16) (12... f4
13. f3 Qf5 14. Nc3 O-O 15. Qe4 Be6 16. Nc5) 13. f4 g5 14. h3 Qh5 15. b3 $14)
11... Qxg5 12. fxg5 h6 13. gxh6 Rxh6 14. Nc3 g5 15. Re1 Kf7 16. Nf2 Be6 17. d4
Kg6 18. Ne2 $13 (18. Ne2 {/\Nh3, ><g5-f4} Rah8 (18... Bc4 19. b3 Bxe2 20. Rxe2
$14) 19. Nh3 (19. h3 c5 $1 $44) 19... Rxh3 $5 (19... f4 20. Nxg5 Kxg5 21. Nxf4
$16) 20. gxh3 Rxh3 $13) 1/2-1/2

[Event "Lee Cup 4th"]
[Site "Beijing"]
[Date "1997.09.04"]
[Round "11"]
[White "Karaklajic, Nikola"]
[Black "Lin, Weiguo"]
[Result "1-0"]
[WhiteElo "2380"]
[BlackElo "2470"]
[Annotator "Wedberg,T"]
[PlyCount "105"]
[EventDate "1997.08.23"]
[EventType "swiss"]
[EventRounds "11"]
[EventCountry "CHN"]
[SourceTitle "CBM 061"]
[Source "ChessBase"]
[SourceDate "1997.11.23"]
[SourceVersion "1"]
[SourceVersionDate "1997.11.23"]
[SourceQuality "1"]

{Karaklajic takes the B on g4 a couple of moves earlier than everyone else and
scores a surprice victory. The line is still sound for Black though, probably
the soundest of all defences to the exchange variation.} 1. e4 {Hecht} e5 2.
Nf3 Nc6 3. Bb5 a6 4. Bxc6 dxc6 5. O-O Bg4 6. h3 h5 7. d3 Qf6 8. Nbd2 Ne7 9.
hxg4 $146 {Surprisingly this is a novelty} (9. Nc4 {Standard}) 9... hxg4 10. g3
{The point, Nh4 is enabled} g5 $2 (10... gxf3 $1 {Normal and very safe for
Black} 11. Qxf3 (11. Nxf3 O-O-O $13) 11... Qxf3 (11... Qg6 $11) 12. Nxf3 Ng6
13. d4 exd4 14. Nxd4 O-O-O 15. Be3 Ne5 $11) (10... Qh6 $6 11. Nh4 g5 12. Nc4 $5
(12. Qxg4 gxh4 13. Nf3 Qg6 14. Qxg6 Nxg6 15. Kg2 $14) 12... Qh5 13. Nxe5 gxh4
14. Nxg4 Bg7 15. Ne3 Qg6 16. Qg4 $16) 11. Kg2 gxf3+ 12. Nxf3 Bh6 13. Rh1 $14
O-O-O 14. Nh2 Rdg8 15. Bd2 Kb8 16. Ng4 Qe6 17. Qf3 Rg6 18. Bc3 Bg7 19. Rxh8+
Bxh8 20. Bb4 Ng8 21. Qf5 Nh6 22. Qxe6 Rxe6 23. Nxh6 (23. Rh1 {also works} Bg7 (
23... Nxg4 24. Rxh8+ Ka7 25. Bd2 Rg6 26. f3 Nf6 27. Bc3 Nd7 28. Rh7 Rf6 29. Rg7
$18) 24. Nxh6 Bxh6 25. Kf3 $1 Kc8 26. Kg4 Kd7 27. Kf5 $16) 23... Rxh6 24. Rh1
Rxh1 25. Kxh1 {[#] A bad Black bishop, infiltration of White's king on the
weak light squares of the kingside, zugzwang! [#] schlechter schwarzer Läufer,
Einsickern des weißen Königs über die schwachen weißen Felder am Königsflügel,
Zugzwang!} g4 (25... Kc8 {Hecht} 26. Kg2 Kd7 27. Kf3 Ke6 28. Kg4 f6 29. Kh5 Kf7
30. Kh6 Bg7+ 31. Kh7 Bf8 32. Bxf8 Kxf8 33. Kg6 Ke7 {[#] With the White king on
g7, Black loses by zugzwang if he is on the move and there are no more pawn
moves available. [#] Bei der Position der weißen Königs auf g7 verliert
Schwarz infolge Zugzwang, wenn er am Zuge ist und über keinen Bauernzug mehr
verfügt.} 34. g4 (34. b4 $5 b6 35. c4 c5 36. bxc5 bxc5 37. Kg7 (37. g4 Ke6 38.
Kg7 Ke7 39. a3 a5 40. a4 c6 41. f3 $18) 37... a5 38. a4 Ke6 39. Kf8 f5 40. g4
fxe4 41. dxe4 Kf6 42. f3 c6 43. Ke8 Ke6 44. Kd8 Kd6 45. Kc8 $18) 34... c5 35.
a4 b6 36. Kg7 b5 37. axb5 axb5 38. c4 b4 39. b3 c6 40. f3 Ke6 41. Kf8 $18) 26.
Kg2 Kc8 27. f3 gxf3+ (27... Bf6 $5 {Hecht} 28. Bd2 (28. fxg4 Bg5 29. Kf3 Kd7 {
A fortress? -- Analyse it! Festung? - Analyse!}) 28... gxf3+ 29. Kxf3 Kd7 30.
Kg4 Ke6 31. Bg5 $16) 28. Kxf3 Kd7 29. Kg4 Ke6 30. Bf8 $1 {The idea is to lock
in the Black B and create zugzwang} Bf6 31. Kh5 Bd8 32. g4 {[#] Hecht: The
problem is the passive bishop on d8, which Black cannot allow to be exchanged 
(a lost pawn endgame due to the great White space advantage, in conjunction
with a domineering king position). Therefore, the d8 bishop requires some
maneuvering room on the queen's wing, e.g., after ...b6, ...c5, ...c6, the c7
square would be free. [#] Hecht: Das Problem ist der passive Ld8, der nicht
getauscht werden darf (verlorenes Bauernendspiel wegen des großen weißen
Raumvorteils i.V. mit der dominierenden Königsstellung). Also braucht der Ld8
eine Zugmöglichkeit am Damenflügel, beispielsweise nach b6, c5, c6 würde das
Feld c7 frei werden.} b6 (32... f6 {Hecht} 33. Kg6 Be7 34. Bxe7 Kxe7 35. Kf5
Kf7 36. g5 fxg5 37. Kxg5 Ke6 38. Kg6 $18 {Zugzwang Zugzwang}) (32... a5 {Hecht}
33. c4 (33. a4 b6 {followed by ...c5 and ...c6. nebst c5 und c6}) 33... b6 34.
c5 $1) (32... Be7 {Hecht} 33. Bxe7 Kxe7 34. g5 Kf8 35. Kh6 Kg8 36. g6 c5 (36...
f6 37. g7 $18) 37. Kg5 $18) 33. b4 b5 (33... Be7 34. Bxe7 Kxe7 35. Kh6 Kf6 36.
g5+ Ke6 37. g6 fxg6 38. Kxg6 $18) 34. g5 $22 c5 (34... Kd7 35. Kh4 Ke6 (35...
f6 36. g6 Ke8 37. g7 Kf7 38. Kh5 $18) 36. Kg4 $18) 35. Bxc5 c6 36. Kg4 a5 37.
a3 Bc7 38. c4 a4 39. Bf8 Bd8 40. Kh5 Bb6 41. c5 Bd8 42. Bd6 $22 {This ending
is a good example of the little known principle that you should put your P:s
on the colour of your own B, since it will block two squares for the opponents
B, but only one for your own. (Disclaimer: I take no responsibility for
mishaps caused by the improper use of this principle)} f5 43. g6 (43. exf5+
$142 $1 {Hecht} Kxf5 44. g6 Bf6 45. Kh6 e4 (45... Ke6 46. Kh7 Kd5 47. g7 Bxg7
48. Kxg7 Kd4 49. Kf6 $18) 46. dxe4+ Kxe4 47. g7 Bxg7+ 48. Kxg7 Kd3 49. Kf7 Kc3
50. Ke6 Kb3 51. Kd7 Kxa3 52. Kxc6 Kxb4 53. Kd7 $18 {is the logical win, and
the clearer solution. ist der logische Gewinn und klarere Weg}) 43... f4 44.
Kg4 Bf6 45. Bf8 {Zugzwang Zugzwang} f3 46. Kxf3 Bg5 47. Bg7 Bc1 48. Bxe5 Bxa3
49. Bc3 Bc1 50. Ke2 (50. d4 {Hecht} a3 51. d5+ Ke7 52. g7 Kf7 53. dxc6 Bb2 54.
c7 $18) 50... Bg5 51. Kd1 Be7 52. Kc2 Bd8 53. Be5 1-0

[Event "FRA-ch"]
[Site "Meribel"]
[Date "1998.08.22"]
[Round "9"]
[White "Marciano, David"]
[Black "Chabanon, Jean Luc"]
[Result "1-0"]
[WhiteElo "2525"]
[BlackElo "2490"]
[Annotator "Wedberg,T"]
[PlyCount "97"]
[EventDate "1998.08.14"]
[EventType "tourn"]
[EventRounds "15"]
[EventCountry "FRA"]
[EventCategory "10"]
[SourceTitle "CBM 067"]
[Source "ChessBase"]
[SourceDate "1998.11.30"]
[SourceVersion "2"]
[SourceVersionDate "1998.11.01"]
[SourceQuality "1"]

{[%mdl 4124]} {Chabanon comes up with a new and very principal setup to meet
Whites aggressive plans on the Q-side in this line. Later he blunders the game
away in an even position.} 1. e4 {Hecht} e5 2. Nf3 Nc6 3. Bb5 a6 4. Bxc6 dxc6
5. O-O Bg4 6. h3 h5 7. d3 Qf6 8. Be3 Bxf3 9. Qxf3 Qxf3 10. gxf3 Bd6 11. Nd2 Ne7
12. Rfb1 {Shirovs idea, unsuccessfully launched against Topalov last year. But
it has caught on and the possibilities for improvement are vast.} c5 $146 (
12... Ng6 13. b4 f6 14. Kf1 (14. a4 Kf7 15. Kf1 Nf8 16. Ke2 Ne6 17. c3 Rhd8 18.
Nc4 b6 19. Kd2 Be7 $11 {Shirov,A-Topalov,V/Torneo Magistral 6th 1997/CBM 59/
[Wedberg]/0-1 (82)}) 14... Nf8 15. Nc4 Ne6 16. a4 Ke7 17. Na5 Nd8 18. c3 b6 19.
Nc4 Ne6 20. d4 $36 {1/2-1/2 Rozentalis,E-Relange,E/Belfort 1997/CBM 62/
[Wedberg] (80)}) 13. Kf1 Nc6 14. c3 f6 15. a3 a5 {Blacks plan of preventing
the advances b4 and d4 seem very sensibel indeed.} 16. Nc4 Kd7 17. a4 g5 18.
Nxd6 cxd6 19. h4 g4 20. Ke2 gxf3+ 21. Kxf3 Rag8 22. Rg1 Ke6 23. Rg3 Rxg3+ 24.
fxg3 Rg8 $11 {Hecht: '[#] In einer ausgeglichenen Position verlangt Schwarz
zuviel und überzieht. Es wird hernach der Versuch einer besseren Verteidigung
unternommen. '} 25. Rd1 Rg4 26. b3 f5 $6 (26... Rg8 $11) (26... b6 $142 {Hecht}
27. Z0 d5 $140) 27. exf5+ Kxf5 28. Kg2 Ke6 $2 (28... Rg6 $142) 29. Bg5 $1 $16 {
[%cal Yd1f1,Yf1f6,Yf6h6,Yh6h5]} d5 (29... Ne7 {Hecht} 30. Bxe7 Kxe7 31. Rf1 {
[%cal Rf1f5]} Ke6 32. Rf8 $16 {[%csl Rb7,Rh5][%cal Rf8h8]}) 30. Rf1 c4 31. Rf6+
Kd7 32. dxc4 dxc4 33. bxc4 Rxc4 34. Rh6 Rxa4 35. Rxh5 Rc4 (35... Ra2+ $5 {Hecht
} 36. Kh3 a4 37. Rh8 {und nun als Anregung für Analysen eine messerscharfe
Variante, die näheren Untersuchungen vielleicht nicht standhält.} b6 38. Ra8
Na5 39. h5 Ra1 40. Kg2 a3 41. h6 Ra2+ 42. Kh3 Ra1 43. Kg4 Rh1 44. Bh4 (44. Rd8+
Ke6 45. Rd2 Nc4 46. Ra2) 44... a2 45. h7 a1=Q 46. Rd8+ Kc7 47. h8=Q Qa4+ 48.
Kh5) 36. Rh7+ Ke6 37. h5 Rxc3 (37... a4 38. h6 a3 39. Rh8 Ra4 40. h7 a2 41.
Re8+ Kd7 42. h8=Q a1=Q 43. Qh3+ $1 $18 Kxe8 (43... Kc7 44. Qc8+ Kd6 45. Qe6+
Kc5 46. Be3+ $18) 44. Qe6+ Kf8 45. Bh6#) 38. h6 Nd4 39. Rg7 Rc8 40. h7 Rh8 41.
g4 Nc6 42. Rxb7 a4 43. Rc7 Kd6 44. Bf6 Re8 45. Rxc6+ Kxc6 46. Bxe5 Rxe5 47.
h8=Q Ra5 48. Qc3+ Rc5 49. Qb4 1-0

[Event "Tilburg"]
[Site "Tilburg"]
[Date "1994.??.??"]
[Round "2"]
[White "Rozentalis, Eduardas"]
[Black "Hjartarson, Johann"]
[Result "1-0"]
[WhiteElo "2595"]
[BlackElo "2585"]
[Annotator "Wedberg,T"]
[PlyCount "101"]
[EventDate "1994.09.??"]
[EventType "k.o."]
[EventRounds "7"]
[EventCountry "NED"]
[SourceTitle "CBM 044"]
[Source "ChessBase"]
[SourceDate "1995.02.01"]
[SourceVersion "1"]
[SourceVersionDate "1995.02.01"]
[SourceQuality "1"]

1. e4 e5 2. Nf3 Nc6 3. Bb5 a6 4. Bxc6 dxc6 5. O-O Qd6 6. Na3 b5 7. c3 c5 8. Nc2
Bb7 {N} (8... Ne7 9. d4 cxd4 10. cxd4 exd4 11. Nfxd4 c5 12. Nb3 Qxd1 13. Rxd1
c4 14. Na5 Ng6 15. b3 cxb3 16. axb3 Be7 17. Ba3 Bxa3 18. Rxa3 O-O $10 {De la
Villa Garcia,J-Leko,P/Pamplona/1993}) 9. d4 cxd4 10. cxd4 exd4 11. Nfxd4 c5 12.
Nb3 O-O-O 13. Qe2 Qd3 $2 (13... Qg6 14. f3 c4 15. Nbd4 (15. Na5 $4 Qb6+ $19)
15... Bc5 16. Be3 Ne7 17. a4 Qb6 $13) 14. Qxd3 Rxd3 15. Be3 c4 (15... Bxe4 16.
Bxc5 $16) 16. Nbd4 {>< Rd3} Bxe4 17. Ne1 Nf6 18. a4 b4 19. Rc1 Kb7 20. Nxd3
Bxd3 21. Rfd1 Nd5 22. Nb3 $1 $16 Nxe3 23. fxe3 Kb6 24. Nd2 c3 25. bxc3 Be2 26.
Re1 Bd3 27. cxb4 Bxb4 28. Red1 Bc5 29. Nc4+ Bxc4 30. Rxc4 Re8 31. Kf1 Re5 32.
Rd7 Bxe3 33. Rxf7 Bh6 34. g3 Rd5 35. h4 Rd1+ 36. Kg2 Rd2+ 37. Kh3 Rd3 38. Rf5
Bd2 39. Re4 Rd6 40. Ree5 a5 41. Rd5 Rxd5 42. Rxd5 $18 Bc3 43. Kg4 Kc6 44. Rh5
Kd6 45. Kf3 h6 46. Ke4 Kc6 47. Rb5 Be1 48. h5 Kd6 49. g4 Kc6 50. Kf5 Bb4 51.
Kg6 1-0

[Event "Sigeman & Co 03rd"]
[Site "Malmo"]
[Date "1995.??.??"]
[Round "4"]
[White "Djurhuus, Rune"]
[Black "Hector, Jonny"]
[Result "0-1"]
[WhiteElo "2495"]
[BlackElo "2540"]
[Annotator "Wedberg,T"]
[PlyCount "122"]
[EventDate "1995.05.??"]
[EventType "tourn"]
[EventRounds "9"]
[EventCountry "SWE"]
[EventCategory "12"]
[SourceTitle "CBM 048"]
[Source "ChessBase"]
[SourceDate "1995.10.01"]
[SourceVersion "1"]
[SourceVersionDate "1995.10.01"]
[SourceQuality "1"]

1. e4 e5 2. Nf3 Nc6 3. Bb5 a6 4. Bxc6 dxc6 5. O-O Bg4 6. h3 Bh5 7. g4 Bg6 8.
Nxe5 Bd6 {N} (8... Qh4 9. Qf3 f6 10. Nxg6 hxg6 11. Kg2 O-O-O 12. d3 Bd6 13. Rh1
Ne7 14. Nc3 g5 15. Ne2 {+/- Gipslis,A/ECO/Fuchs-Trifunovic/Berlin/1962}) 9.
Nxg6 (9. d4 Bxe5 10. dxe5 Qxd1 11. Rxd1 Bxe4 $13) 9... hxg6 10. Kg2 Qh4 11. Qf3
Bf4 $5 12. Nc3 (12. d3 g5 (12... Bxc1 13. Rxc1 g5 14. Nc3 Ne7 15. Ne2 Ng6 16.
Rh1 Qh6 17. Qe3 $14) 13. Bxf4 gxf4 14. Nd2 Ne7 15. Rh1 Ng6 16. Qe2 $14 {/\Nf3})
12... Ne7 13. d4 g5 14. Ne2 (14. Bxf4 gxf4 15. Ne2 Ng6 16. Rh1 Qg5 17. Qb3 Nh4+
18. Kf1 O-O-O 19. f3 $13) 14... Ng6 15. Rh1 Qh6 {/\Nh4+} 16. Kf1 Nh4 17. Qd3 (
17. Qb3 $5 O-O-O 18. Bxf4 (18. Qxf7 $2 Rhf8 $40) 18... gxf4 19. f3 $13) 17...
Bxc1 18. Rxc1 O-O-O 19. Qe3 Rhe8 $17 {עg1,צh1} 20. Rg1 Qe6 21. Nc3 Qc4+ 22.
Ne2 Qxa2 23. Qxg5 Rxe4 24. f3 (24. Qxh4 Qc4 25. Re1 Rde8 $17) 24... Nxf3 25.
Qf5+ Re6 26. Rg3 (26. Qxf3 Rf6 27. Nf4 Rxd4 $19) 26... Qc4 27. Rxf3 Qxe2+ 28.
Kg1 Rxd4 $19 29. Rcf1 Rd7 30. Qc5 b6 31. Qf8+ Kb7 32. Qxg7 Rd2 33. R3f2 Qe3 34.
Qc3 Rxf2 35. Rxf2 Qc1+ 36. Rf1 Qh6 37. Qg3 f6 38. h4 a5 39. h5 Re4 40. Qf3 Rb4
41. Kh2 Qg5 42. Kh3 Rxb2 43. Qxf6 Qe3+ 44. Qf3 Qc5 45. Qf5 Qa3+ 46. Qd3 Qa2 47.
Rf2 Rb1 48. Kg2 Qg8 49. Qd7 Qc4 50. Qf5 Rb5 51. Qf4 Qe6 52. Kg3 Rc5 53. h6 Rc3+
54. Kh4 Rc4 55. Qg5 Qe4 56. Kh5 a4 57. Rf5 Rxc2 58. h7 Rh2+ 59. Kg6 Qe8+ 60.
Rf7 Rxh7 61. Kxh7 Qxf7+ 0-1

[Event "Belfort"]
[Site "Belfort"]
[Date "1997.??.??"]
[Round "6"]
[White "Rozentalis, Eduardas"]
[Black "Relange, Eloi"]
[Result "1/2-1/2"]
[WhiteElo "2645"]
[BlackElo "2505"]
[Annotator "Wedberg,T"]
[PlyCount "160"]
[EventDate "1997.10.??"]
[EventType "tourn"]
[EventRounds "10"]
[EventCountry "FRA"]
[EventCategory "13"]
[SourceTitle "CBM 062"]
[Source "ChessBase"]
[SourceDate "1998.01.31"]
[SourceVersion "1"]
[SourceVersionDate "1998.01.31"]
[SourceQuality "1"]

1. e4 e5 2. Nf3 Nc6 3. Bb5 a6 4. Bxc6 dxc6 5. O-O Bg4 6. h3 h5 7. d3 Qf6 8. Be3
Bxf3 9. Qxf3 Qxf3 10. gxf3 Bd6 11. Nd2 Ne7 12. Rfb1 (12. Kh2 f6 13. Nc4 Kf7 14.
Rad1 Rhd8 15. h4 a5 16. a4 Ng6 17. Kh3 Nf8 18. d4 exd4 19. Rxd4 Ne6 $11 {
Rozentalis,E-Pedzich,D/MK Cafe op 1997/EXP 59/1/2-1/2 (52)}) 12... Ng6 13. b4
f6 14. Kf1 (14. a4 Kf7 15. Kf1 Nf8 16. Ke2 Ne6 17. c3 Rhd8 18. Nc4 b6 19. Kd2
Be7 $11 {Shirov,A-Topalov,V/Torneo Magistral 6th 1997/CBM 59/[Wedberg]/0-1 (82)
}) 14... Nf8 15. Nc4 Ne6 16. a4 Ke7 17. Na5 Nd8 18. c3 b6 19. Nc4 Ne6 20. d4 {
This is the advance Shirov wanted to achieve against Topalov, but never
managed to get in.} Rhd8 21. Ke2 Kf7 22. Rb2 Rd7 23. Rd1 Rad8 24. b5 axb5 25.
axb5 cxb5 26. Nxd6+ Rxd6 27. d5 Nf4+ 28. Bxf4 exf4 29. Rxb5 Ra8 $11 {White has
played the Shirov plan, but the game is still in balance.} 30. c4 Ke7 31. Rd2
Ra7 32. Rc2 Rd8 33. c5 bxc5 34. Rbxc5 Kd7 35. Kd3 Ra3+ 36. Kd4 Ra4+ (36... Rc8
37. R2c3 Ra2 $11) 37. R5c4 Rxc4+ 38. Rxc4 $14 Re8 39. h4 Kd6 (39... g5 40. hxg5
fxg5 41. Rc6 $14) 40. Rc6+ Kd7 41. Ra6 Re7 42. Kc5 Re8 43. Ra1 Re5 44. Rg1 g5
45. hxg5 Rxg5 46. Rh1 Rg2 47. Rh4 Rxf2 48. Rxf4 Ke7 49. Kd4 h4 50. Ke3 Rh2 51.
Rg4 Kf7 52. Kf4 c6 53. dxc6 Rc2 54. Rxh4 Rxc6 55. Rh7+ Ke6 56. Ra7 Rb6 57. Kg4
Rb4 58. Ra5 Rc4 59. Kf4 Rb4 60. Kg4 Rc4 61. Kh5 Rc1 62. f4 Rg1 63. Ra6+ Kf7 64.
Ra7+ Kf8 65. f5 Rg2 66. Kh6 Rg4 67. Rb7 Rg1 68. Kh5 Rg5+ 69. Kh4 Rg1 70. Rb3
Re1 71. Kg4 Rxe4+ 72. Kh5 Re7 73. Kh6 Kf7 74. Rb8 Ra7 75. Rc8 Rb7 76. Kh7 Ra7
77. Kh6 Rb7 78. Rh8 Rb1 79. Rh7+ Kg8 80. Rg7+ Kf8 1/2-1/2